000 00290nam a2200121Ia 4500
008 190216s9999||||xx |||||||||||||| ||und||
100 _aDinkar Pagare
245 0 _aLaw And Practice Of Income Tax
260 _bSulthan Chand&Sons
_c1980
300 _a600p
650 _aCommerce
942 _cBK
999 _c4726
_d4726